Relativní hranice Materia - relativní hranice Spirit : Iva Kolorenčová, Lada Semecká, Markéta Váradiová /

Další autoři: Kolorenčová, Iva, Semecká, Lada, 1973-, Váradiová, Markéta, 1973-, Nováková, Tereza, 1985 říjen 29.-, Pavlíček, Tomáš, 1971-, Veselá, Romana, 1985-
Jazyk: Čeština
Vydáno: V Ústí nad Labem : Fakulta umění a designu, Univerzita Jana Evangelisty Purkyně, 2018
Vydání: První vydání
Témata:
Fyzický popis: 1 pouzdro (15; 11; 11 stran) : barevné ilustrace ; 15 x 20 cm
Knihy
Uloženo v:
LEADER 02980nam a2200721 i 4500
001 nkc20193086811
003 CZ PrNK
005 20200128080006.0
007 ta
008 191129s2018 xr a e c 000 0dcze
020 |a 978-80-7561-166-6  |q (brožováno) 
040 |a ABA001  |b cze  |e rda 
043 |a e-xr--- 
045 |a y-y- 
072 7 |a 74  |x Kresba. Umělecká řemesla  |2 Konspekt  |9 21 
080 |a 748  |2 MRF 
080 |a 7.038.544  |2 MRF 
080 |a 7.038.55  |2 MRF 
080 |a 7.036/.038  |2 MRF 
080 |a (437.3)  |2 MRF 
080 |a (083.824)  |2 MRF 
245 0 0 |a Relativní hranice Materia - relativní hranice Spirit :  |b Iva Kolorenčová, Lada Semecká, Markéta Váradiová /  |c autoři textů: Tereza Nováková, Tomáš Pavlíček, Romana Veselá 
246 3 0 |a Relativní hranice Spirit 
246 3 0 |a Iva Kolorenčová 
246 3 0 |a Lada Semecká 
246 3 0 |a Markéta Váradiová 
250 |a První vydání 
264 1 |a V Ústí nad Labem :  |b Fakulta umění a designu, Univerzita Jana Evangelisty Purkyně,  |c 2018 
300 |a 1 pouzdro (15; 11; 11 stran) :  |b barevné ilustrace ;  |c 15 x 20 cm 
336 |a text  |b txt  |2 rdacontent 
336 |a statický obraz  |b sti  |2 rdacontent 
337 |a bez média  |b n  |2 rdamedia 
338 |a svazek  |b nc  |2 rdacarrier 
500 |a Název z přebalu 
500 |a Životopisná data, přehledy výstav a zastoupení ve sbírkách 
500 |a 3 katalogy ke kolektivní výstavě ve společném přebalu s gumičkou 
500 |a 200 výtisků 
600 1 7 |a Kolorenčová, Iva  |7 mzk2012698005  |2 czenas 
600 1 7 |a Semecká, Lada,  |d 1973-  |7 mzk2006355833  |2 czenas 
600 1 7 |a Váradiová, Markéta,  |d 1973-  |7 jo2003163293  |2 czenas 
648 7 |a 21. století  |7 ch460559  |2 czenas 
650 0 7 |a umělecké sklo  |7 ph126905  |z Česko  |y 21. století  |2 czenas 
650 0 7 |a objekty (umění)  |7 ph123590  |z Česko  |2 czenas 
650 0 7 |a instalace (umění)  |7 ph121119  |z Česko  |2 czenas 
650 0 7 |a moderní umění  |7 ph115340  |z Česko  |2 czenas 
650 0 9 |a art glass  |z Czechia  |y 21st century  |2 eczenas 
650 0 9 |a objects (art)  |z Czechia  |2 eczenas 
650 0 9 |a installations (art)  |z Czechia  |2 eczenas 
650 0 9 |a modern art  |z Czechia  |2 eczenas 
655 7 |a katalogy výstav  |7 fd132536  |2 czenas 
655 9 |a exhibition catalogs  |2 eczenas 
700 1 |a Kolorenčová, Iva  |7 mzk2012698005  |4 art 
700 1 |a Semecká, Lada,  |d 1973-  |7 mzk2006355833  |4 art 
700 1 |a Váradiová, Markéta,  |d 1973-  |7 jo2003163293  |4 art 
700 1 |a Nováková, Tereza,  |d 1985 říjen 29.-  |7 xx0138758  |4 wfw 
700 1 |a Pavlíček, Tomáš,  |d 1971-  |7 jn20000401949  |4 wfw 
700 1 |a Veselá, Romana,  |d 1985-  |7 jo2015881107  |4 wfw 
910 2 |a BOA001  |b 2-1440.513 
928 9 |a Univerzita Jana Evangelisty Purkyně v Ústí nad Labem, Fakulta umění a designu 
990 |a BK 
995 |a 11 
991 |b 201912  |c NOV 
996 6 |b 2610808130  |c 2-1440.513  |l MZK  |r Sklad / do 1 hodiny  |n 0  |p p.v.  |w 001770331  |u 000010  |a 1  |e BOA001  |j MZK50  |s P